Технология (Запись № 9721181)

Подробности
000 -МАРКЕР
контрольное поле 01279nam0a2200349 4500
001 - ИДЕНТИФИКАТОР ЗАПИСИ
контрольное поле RU\NLR\BIBL_A\010700637
005 - ИДЕНТИФИКАТОР ВЕРСИИ
контрольное поле 20250614085834.0
010 ## - МЕЖДУНАРОДНЫЙ СТАНДАРТНЫЙ НОМЕР КНИГИ (ISBN)
Номер (ISBN) 978-5-360-05552-5
Тираж 15000
021 ## - НОМЕР ГОСУДАРСТВЕННОЙ РЕГИСТРАЦИИ
Код страны Российская Федерация
Номер 2015-3806
Номер Листа государственной регистраци 232
021 ## - НОМЕР ГОСУДАРСТВЕННОЙ РЕГИСТРАЦИИ
Код страны Российская Федерация
Номер 2017-58068
Номер Листа государственной регистраци 4125
021 ## - НОМЕР ГОСУДАРСТВЕННОЙ РЕГИСТРАЦИИ
Код страны Российская Федерация
Номер 2016-64948
Номер Листа государственной регистраци 4151
021 ## - НОМЕР ГОСУДАРСТВЕННОЙ РЕГИСТРАЦИИ
Код страны Российская Федерация
Номер 2016-98849
Номер Листа государственной регистраци 6576
035 ## - ДРУГИЕ СИСТЕМНЫЕ НОМЕРА
Идентификатор записи (RuMoRGB)008959699
035 ## - ДРУГИЕ СИСТЕМНЫЕ НОМЕРА
Идентификатор записи (nilc)RSL-KNO-003181430
035 ## - ДРУГИЕ СИСТЕМНЫЕ НОМЕРА
Идентификатор записи (NLR Aleph) 010700637
100 ## - ДАННЫЕ ОБЩЕЙ ОБРАБОТКИ
Данные общей обработки 20070829d2015 |||y0rusy50 ca
101 0# - ЯЗЫК РЕСУРСА
Язык текста, звукозаписи и т.д. русский
102 ## - СТРАНА ПУБЛИКАЦИИ ИЛИ ПРОИЗВОДСТВА
Страна публикации Российская Федерация
105 ## - ПОЛЕ КОДИРОВАННЫХ ДАННЫХ: ТЕКСТОВЫЕ МАТЕРИАЛЫ, МОНОГРАФИЧЕСКИЕ
Кодированные данные о монографическом текстовом документе a|||j||||00yy
200 1# - ЗАГЛАВИЕ И СВЕДЕНИЯ ОБ ОТВЕТСТВЕННОСТИ
Основное заглавие Технология
Сведения, относящиеся к заглавию учебник для учащихся общеобразовательных учреждений
-- 1 класс
Первые сведения об ответственности Е.А. Лутцева
205 ## - СВЕДЕНИЯ ОБ ИЗДАНИИ
Сведения об издании 3-е, перераб.
210 ## - ПУБЛИКАЦИЯ, РАСПРОСТРАНЕНИЕ И ДР.
Место издания, распространения и т.д. Москва
Имя издателя, распространителя и т. д. Вентана-Граф
Дата издания, распространения и т.д. 2015
215 ## - ФИЗИЧЕСКАЯ ХАРАКТЕРИСТИКА
Специфическое обозначение материала и объем 111 с.
Другие сведения о физической характеристике цв. ил.
Размеры 27
225 1# - СЕРИЯ
Основное заглавие серии Начальная школа XXI века
606 1# - НАИМЕНОВАНИЕ ТЕМЫ КАК ПРЕДМЕТ
Наименование темы Трудовое обучение
Формальный подзаголовок Учебники для начальной школы
Системный номер авторитетной/нормативной записи 1841169
Идентификатор авторитетной/нормативной записи RU\NLR\AUTH\661125123
686 3# - ИНДЕКСЫ ДРУГИХ КЛАССИФИКАЦИЙ
Индекс М78я711-1
700 #1 - ИМЯ ЛИЦА - ПЕРВИЧНАЯ ОТВЕТСТВЕННОСТЬ
Начальный элемент ввода Лутцева
Часть имени, кроме начального элемента ввода Е. А.
Расширение инициалов личного имени Елена Андреевна
Код отношения Автор
942 ## - ДОПОЛНИТЕЛЬНЫЕ ЭЛЕМЕНТЫ ЗАПИСИ (АБИС)
Тип экземпляра АБИС Книга
980 ## - КОЛЛЕКЦИЯ
Название коллекции Национальная библиография
Экземпляры
Тип экземпляра Дата поступления Источник поступления Библиотека постоянного хранения Библиотека текущего хранения Место хранения Шифр хранения Штрих-код Статус экземпляра Стоимость Нумерация / хронология для периодики
Книга 17.03.2015 Обязательный экземпляр РНБ (Московский) РНБ (Московский) Русский книжный фонд: издания с 1957 года 2015-7/1477 1-891587      
Книга 17.03.2015 Обязательный экземпляр РНБ (Московский) РНБ (Московский) Обменный фонд   1-891588      
Книга 09.09.2016 Обязательный экземпляр РНБ (Московский) РНБ (Московский) Обменный фонд   1-1573069      
Книга 09.09.2016 Обязательный экземпляр РНБ (Московский) РНБ (Московский) Обменный фонд   1-1573068      
Книга 13.01.2017 Обязательный экземпляр РНБ (Московский) РНБ (Московский) Обменный фонд   1-1679497      
Книга 13.01.2017 Обязательный экземпляр РНБ (Московский) РНБ (Московский) Обменный фонд   1-1679498      
Книга 06.09.2017 Обязательный экземпляр РНБ (Московский) РНБ (Московский) Обменный фонд   1-1993125   0.00 2018